000 00680nam a2200205 a 4500
005 20220812134449.0
008 991125s1995 mx 000 0 spa u
020 _a9681645634
035 _aUPN01000006033
049 _aCG
050 4 _aF1301
_bJ22
100 1 _aJarquín Ortega, María Teresa
_934552
245 1 0 _aBreve historia del Estado de México /
_cMaría Teresa Jarquín O., Carlos Herrejón Peredo.
260 _aMéxico :
_bEl Colegio de México :
_bFCE,
_c1995.
300 _a219 p.
440 0 _aSección de obras de historia
651 2 _aEstado de México
_xHistoria
_vFuentes
_922563
700 1 _aHerrejón Peredo, Carlos,
_d1942-
_ecoaut.
_938718
905 _aLibro
999 _c6033
_d6033